[Event "Mechanics' Spring TNM; 30/90, SD/30"]
[Site "San Francisco"]
[Date "2014.05.06"]
[Round "8.23"]
[White "Casares, Nick"]
[Black "Oyuntseren, Togtokh"]
[Result "0-1"]
[WhiteElo "1608"]
[BlackElo "1372"]
[PlyCount "72"]
[EventDate "2014.??.??"]

1. e4 b6 2. d4 e6 3. Nf3 Bb7 4. Bd3 c5 5. c3 Be7 6. Bf4 Nf6 7. Nbd2 a6 8. a4 d5
9. Qe2 Nxe4 10. Nxe4 dxe4 11. Bxe4 Bxe4 12. Qxe4 Qd5 13. Qe2 cxd4 14. O-O dxc3
15. bxc3 O-O 16. Rfd1 Qc5 17. Be5 Nc6 18. Bd4 Nxd4 19. cxd4 Qd5 20. Qb2 Rab8
21. Rac1 f6 22. Rc7 Qd6 23. Rdc1 b5 24. R1c6 bxa4 25. Qc2 Qb4 26. Qe2 Rfe8 27.
Qxe6+ Kf8 28. h3 a5 29. d5 Rbd8 30. Rb6 Qf4 31. Rbb7 Qd6 32. Qe3 Qxd5 33. Rxe7
Qd1+ 34. Kh2 Qd6+ 35. g3 Rxe7 36. Rxe7 Qxe7 0-1

[Event "Mechanics' Fall TNM; 30/90, SD/30"]
[Site "San Francisco"]
[Date "2014.10.28"]
[Round "2.34"]
[White "Casares, Nick"]
[Black "Poler, Sebastian"]
[Result "0-1"]
[WhiteElo "1600"]
[BlackElo "1391"]
[PlyCount "46"]
[EventDate "2014.??.??"]

1. e4 c6 2. d4 d5 3. exd5 cxd5 4. c4 Nc6 5. c5 b6 6. Bb5 Bd7 7. Nf3 bxc5 8. O-O
Nxd4 9. Bxd7+ Qxd7 10. Ne5 Qf5 11. Qa4+ Kd8 12. Nc6+ Nxc6 13. Qxc6 Rc8 14. Qb5
Qd7 15. Qe2 g6 16. Nc3 Bg7 17. Nxd5 Qxd5 18. Rd1 Bd4 19. Be3 e5 20. b4 cxb4 21.
Rd3 Nf6 22. Rad1 Rc4 23. Bxd4 Rxd4 0-1

[Event "Mechanics' Fall TNM; 30/90, SD/30"]
[Site "San Francisco"]
[Date "2014.12.16"]
[Round "8.27"]
[White "Casares, Nick"]
[Black "Purland, Matthew"]
[Result "1-0"]
[WhiteElo "1600"]
[BlackElo "1479"]
[Annotator "Donaldson"]
[PlyCount "47"]
[EventDate "2014.??.??"]

1. e4 e6 2. d4 d5 3. Nc3 Bb4 4. e5 Ne7 5. Bg5 c5 6. a3 Bxc3+ 7. bxc3 cxd4 8.
cxd4 Qa5+ 9. Bd2 Qb6 10. Nf3 Bd7 11. Rb1 Qc7 12. Bb4 Nbc6 13. Bd2 Nf5 14. c3
Na5 15. Bd3 Ne7 16. O-O Nc4 17. Bxc4 dxc4 18. Ng5 O-O 19. Qh5 h6 20. Ne4 Bc6 {
Diagram #} 21. Nf6+ $1 Kh8 22. Bxh6 g6 23. Bg7+ Kxg7 24. Qh7# 1-0

[Event "Mechanics' Whitehead TNM; 30/90, SD/30"]
[Site "San Francisco"]
[Date "2014.09.09"]
[Round "6.25"]
[White "Casares, Nick"]
[Black "Ross, David Yaguda"]
[Result "1-0"]
[WhiteElo "1600"]
[BlackElo "1348"]
[Annotator "Donaldson"]
[PlyCount "77"]
[EventDate "2014.??.??"]

1. e4 d6 2. d4 Nf6 3. Nc3 g6 4. Nf3 Bg7 5. Be3 c6 6. h3 b5 7. b4 a5 8. a3 O-O
9. Be2 Na6 10. O-O Bb7 11. Rb1 axb4 12. axb4 Nc7 13. Qd2 e5 14. dxe5 dxe5 15.
Qxd8 Rfxd8 16. Bb6 Nfe8 17. Bd3 Rd7 18. Nd2 Na6 19. Ba5 Bf8 20. f4 exf4 21. e5
Re7 22. Rbe1 Bh6 23. Nf3 Nc5 24. Ne4 Nxe4 25. Bxe4 c5 26. Bxb7 Rxb7 27. Rd1 Bf8
28. c3 Be7 29. Rd2 Ng7 30. Rfd1 Nf5 31. Rd7 Rxd7 32. Rxd7 c4 33. Kf2 Rb8 34. e6
fxe6 35. Ne5 Bf6 36. Nc6 Ra8 37. Na7 Bxc3 38. Nxb5 Rb8 $4 (38... Be5 {
Black has good chances to win.}) 39. Nxc3 1-0

[Event "Mechanics' SummerTNM; 30/90, SD/30"]
[Site "San Francisco"]
[Date "2014.07.08"]
[Round "7.23"]
[White "Casares, Nick"]
[Black "Sherwood, Peter"]
[Result "0-1"]
[WhiteElo "1600"]
[BlackElo "1797"]
[PlyCount "28"]
[EventDate "2014.??.??"]

1. e4 c5 2. Nf3 d6 3. d4 cxd4 4. Nxd4 Nf6 5. Nc3 a6 6. Bc4 e6 7. f3 Be7 8. a3
Nc6 9. Be3 O-O 10. Qd2 Bd7 11. O-O-O b5 12. Ncxb5 axb5 13. Nxb5 Ne5 14. Ba2
Bxb5 0-1

[Event "Mechanics' SummerTNM; 30/90, SD/30"]
[Site "San Francisco"]
[Date "2014.05.27"]
[Round "1.5"]
[White "Casares, Nick"]
[Black "Tsodikova, Natalya"]
[Result "0-1"]
[WhiteElo "1600"]
[BlackElo "2202"]
[PlyCount "62"]
[EventDate "2014.??.??"]

1. e4 c5 2. Nf3 d6 3. d4 cxd4 4. Nxd4 Nf6 5. Nc3 a6 6. Bc4 e6 7. f3 Be7 8. Be3
Qc7 9. Bb3 Nc6 10. Qd2 Na5 11. O-O-O Nxb3+ 12. axb3 O-O 13. g4 b5 14. h4 Bd7
15. h5 b4 16. Nce2 Ne8 17. g5 f6 18. Nf4 Qa5 19. Kb1 e5 20. Ng6 exd4 21. Nxe7+
Kf7 22. Bf4 Kxe7 23. Qxd4 Qc5 24. Qd2 a5 25. Rhe1 Be6 26. Be3 Qc6 27. Qh2 a4
28. gxf6+ gxf6 29. Bf4 axb3 30. Rd4 bxc2+ 31. Qxc2 Ra1+ 0-1

[Event "Mechanics' SummerTNM; 30/90, SD/30"]
[Site "San Francisco"]
[Date "2014.07.01"]
[Round "6.32"]
[White "Casares, Nick"]
[Black "Zaman, Ahyan"]
[Result "1-0"]
[WhiteElo "1600"]
[BlackElo "969"]
[PlyCount "23"]
[EventDate "2014.??.??"]

1. e4 e5 2. Nf3 Nc6 3. Bc4 Bc5 4. b4 Bxb4 5. c3 Bc5 6. d4 exd4 7. cxd4 Bb6 8.
Qb3 Nxd4 9. Bxf7+ Kf8 10. Nxd4 Bxd4 11. Bxg8 Bxa1 12. Qf7# 1-0

[Event "Mechanics' Winter TNM; 30/90, SD/30"]
[Site "San Francisco"]
[Date "2014.01.28"]
[Round "4.18"]
[White "Casares, Nick Jr"]
[Black "Abraham, Renjish"]
[Result "0-1"]
[WhiteElo "1600"]
[BlackElo "1867"]
[PlyCount "72"]
[EventDate "2014.??.??"]

1. e4 c5 2. Nf3 d6 3. d4 cxd4 4. Nxd4 Nf6 5. Nc3 a6 6. f3 e6 7. Bg5 Be7 8. Bc4
b5 9. Bb3 Qc7 10. Qd2 b4 11. Nce2 Qc5 12. Be3 Qc7 13. O-O-O O-O 14. g4 Bd7 15.
Qxb4 Nc6 16. Nxc6 Bxc6 17. Qc3 Qb7 18. Nd4 Bd7 19. h4 e5 20. Nf5 Bxf5 21. gxf5
Rac8 22. Qd2 Rc7 23. h5 Kh8 24. Rdg1 Ne8 25. Bg5 Bxg5 26. Qxg5 h6 27. Qd2 Qc6
28. f6 Nxf6 29. Rxg7 Kxg7 30. Qg2+ Kh8 31. Bd5 Nxd5 32. Rg1 Qxc2+ 33. Qxc2
Rxc2+ 34. Kxc2 Nf4 35. Rd1 Rc8+ 36. Kb3 Rc6 0-1

[Event "Mechanics' Winter TNM; 30/90, SD/30"]
[Site "San Francisco"]
[Date "2014.01.21"]
[Round "3.25"]
[White "Casares, Nick Jr"]
[Black "Hilliard, Michael"]
[Result "1-0"]
[WhiteElo "1600"]
[BlackElo "1400"]
[Annotator "Donaldson"]
[PlyCount "67"]
[EventDate "2014.??.??"]

1. e4 c6 2. d4 d5 3. exd5 cxd5 4. c4 e6 5. c5 Nf6 6. Nc3 a6 7. Nf3 Nc6 8. a3
Be7 9. b4 O-O 10. Bd3 b6 11. O-O bxc5 12. bxc5 Qc7 13. h3 Bb7 14. Re1 Rfe8 15.
Be3 Bf8 16. Bg5 Nd7 17. Qd2 f6 18. Bf4 e5 19. Nxd5 Qb8 20. Bg3 Qd8 21. Bc4 Kh8
22. Rab1 Rb8 23. Ba2 Ba8 24. Nh4 Rxb1 25. Bxb1 Nxd4 26. Qd3 g6 $6 {Diagram #} (
26... f5 $1 27. Nxf5 Nxc5 $19) 27. Nxg6+ $1 hxg6 28. Qxg6 Re7 {Diagram #} 29.
Re4 $3 Rg7 30. Rh4+ Kg8 31. Qh5 Bxd5 32. Bh7+ Kh8 33. Bg6+ Kg8 34. Qh8# 1-0

[Event "Mechanics' Winter TNM; 30/90, SD/30"]
[Site "San Francisco"]
[Date "2014.02.25"]
[Round "8.39"]
[White "Casares, Nick Jr"]
[Black "Hood, Bryan"]
[Result "1-0"]
[WhiteElo "1600"]
[BlackElo "979"]
[PlyCount "59"]
[EventDate "2014.??.??"]

1. e4 e5 2. Nf3 Nc6 3. Bc4 Nf6 4. Ng5 d5 5. exd5 Na5 6. Bb5+ c6 7. dxc6 bxc6 8.
Be2 Bc5 9. c3 Qd5 10. d4 Be7 11. O-O O-O 12. Be3 e4 13. Nd2 h6 14. b4 hxg5 15.
bxa5 Qxa5 16. Nc4 Qd5 17. Ne5 Nd7 18. c4 Qd6 19. c5 Qc7 20. f4 exf3 21. Nxf3 g4
22. Ne5 Nxe5 23. Bf4 Qa5 24. Bxe5 f5 25. Bc4+ Kh7 26. Qd3 Bd7 27. Rab1 Bxc5 28.
Rb7 Rad8 29. Rxd7 Rxd7 30. Rxf5 1-0

[Event "Mechanics' Winter TNM; 30/90, SD/30"]
[Site "San Francisco"]
[Date "2014.02.11"]
[Round "6.34"]
[White "Casares, Nick Jr"]
[Black "Paquette, James"]
[Result "0-1"]
[WhiteElo "1600"]
[BlackElo "1331"]
[PlyCount "60"]
[EventDate "2014.??.??"]

1. e4 e5 2. Nf3 d6 3. d4 f5 4. Nc3 Nc6 5. Bg5 Be7 6. Bxe7 Ngxe7 7. d5 fxe4 8.
Ng5 Nxd5 9. Qh5+ g6 10. Qh6 Nxc3 11. bxc3 Bf5 12. Bb5 a6 13. Bxc6+ bxc6 14. O-O
d5 15. f4 exf4 16. Rxf4 Qf6 17. Rxf5 Qxf5 18. Rf1 Qd7 19. Rf7 Qxf7 20. Nxf7
Kxf7 21. Qf4+ Ke6 22. Qxc7 Rac8 23. Qf4 Rhf8 24. Qe3 Rf5 25. h4 Rcf8 26. Qb6
Kd6 27. Qxa6 Re8 28. Qe2 e3 29. Qa6 e2 30. Qa3+ Ke5 0-1

[Event "Mechanics' SummerTNM; 30/90, SD/30"]
[Site "San Francisco"]
[Date "2014.06.17"]
[Round "4.12"]
[White "Chalissery, Jossy"]
[Black "Afkham-Ebrahimi, Payam"]
[Result "0-1"]
[WhiteElo "1723"]
[BlackElo "1897"]
[Annotator "Donaldson"]
[PlyCount "56"]
[EventDate "2014.??.??"]

1. d4 Nf6 2. c4 g6 3. Nc3 Bg7 4. Nf3 d6 5. g3 O-O 6. Bg2 Na6 7. O-O c5 8. d5
Bg4 9. Re1 Qd7 10. e4 Nh5 11. Ne2 f5 12. Ng5 fxe4 13. Bxe4 Nc7 14. Qc2 Rf6 15.
Bg2 Raf8 16. f4 Bf5 17. Ne4 R6f7 18. Bd2 b5 19. Bc3 $2 (19. Rac1 $11) 19... Nf6
20. Bxf6 exf6 21. Rad1 $2 (21. N2c3 $17) 21... Re7 22. b3 Rfe8 23. N2c3 b4 24.
Na4 {Diagram #} Bg4 $1 25. Rd3 (25. Rc1 f5) 25... f5 26. Rde3 Bd4 27. Nf6+ Bxf6
28. Rxe7 Rxe7 0-1

[Event "Mechanics' SummerTNM; 30/90, SD/30"]
[Site "San Francisco"]
[Date "2014.07.15"]
[Round "8.10"]
[White "Chalissery, Jossy"]
[Black "Grey, Peter"]
[Result "0-1"]
[WhiteElo "1723"]
[BlackElo "2000"]
[PlyCount "106"]
[EventDate "2014.??.??"]

1. d4 Nf6 2. c4 g6 3. Nc3 d5 4. cxd5 Nxd5 5. Nf3 Bg7 6. e4 Nxc3 7. bxc3 c5 8.
Bb2 O-O 9. Be2 cxd4 10. cxd4 Nc6 11. e5 Qa5+ 12. Qd2 Qxd2+ 13. Nxd2 Rd8 14. Nf3
Bg4 15. Rd1 Nb4 16. a3 Nd5 17. h3 Bf5 18. Nh4 Be4 19. Bf3 Bxf3 20. Nxf3 Rac8
21. Rd2 Bh6 22. g4 Bxd2+ 23. Kxd2 Rc6 24. Rc1 Rdc8 25. Ne1 Rxc1 26. Bxc1 f6 27.
Nd3 fxe5 28. dxe5 Rf8 29. Ke2 Rc8 30. Kd2 Rc4 31. Bb2 Nf4 32. Nxf4 Rxf4 33. Ke3
Rc4 34. Kd3 Rc6 35. Bc3 Kf7 36. g5 Ke6 37. Bd4 a6 38. Ke4 b5 39. h4 a5 40. Kd3
Kd5 41. Bc3 Rxc3+ 42. Kxc3 Kxe5 43. Kd3 Kf4 44. Kd4 e5+ 45. Kc5 e4 46. Kxb5 Kf3
47. Kxa5 Kxf2 48. Kb6 e3 49. a4 e2 50. a5 e1=Q 51. a6 Qe4 52. a7 Qa8 53. Ka6
Kg3 0-1

[Event "Mechanics' Spring TNM; 30/90, SD/30"]
[Site "San Francisco"]
[Date "2014.04.29"]
[Round "7.11"]
[White "Chalissery, Jossy"]
[Black "Grey, Peter"]
[Result "0-1"]
[WhiteElo "1723"]
[BlackElo "2000"]
[PlyCount "102"]
[EventDate "2014.??.??"]

1. d4 g6 2. c4 Bg7 3. Nc3 d6 4. Nf3 Nd7 5. g3 Ngf6 6. Bg2 O-O 7. O-O c6 8. b3
Qa5 9. Bb2 Re8 10. Qc2 e5 11. dxe5 dxe5 12. Ng5 Nc5 13. a3 Ne6 14. Nge4 Nd4 15.
Nxf6+ Bxf6 16. Qd3 Bg7 (16... Nxb3 $2 17. Ne4 $18) 17. b4 Qc7 18. e3 Bf5 19.
Ne4 Ne6 20. Qe2 Bxe4 21. Bxe4 f5 22. Bg2 e4 23. Rfd1 Rad8 24. Rxd8 Rxd8 25.
Bxg7 Qxg7 26. Qa2 c5 27. Rc1 Qd7 28. Qb3 Qd2 29. Qc2 Qxc2 30. Rxc2 Rd1+ 31. Bf1
Ng5 32. Kg2 Nf3 33. Rc3 Nd2 34. Bd3 (34. Be2 Re1) 34... exd3 35. Rxd3 cxb4 36.
axb4 Rb1 37. Rxd2 Rxb4 38. Rd7 a5 39. Rd8+ Kg7 40. Ra8 a4 41. c5 Kf6 42. Ra7
Ke6 43. Ra5 Kd5 44. Kf3 Kc4 45. Ke2 Kb3 46. Kd2 a3 47. c6 bxc6 48. Rc5 Ra4 49.
Rxc6 a2 50. Rb6+ Kc4 51. Rc6+ Kd5 0-1

[Event "Mechanics' Fall TNM; 30/90, SD/30"]
[Site "San Francisco"]
[Date "2014.12.16"]
[Round "8.21"]
[White "Chalissery, Jossy"]
[Black "Hood, Bryan"]
[Result "0-1"]
[WhiteElo "1719"]
[BlackElo "1352"]
[PlyCount "46"]
[EventDate "2014.??.??"]

1. d4 Nf6 2. c4 g6 3. Nc3 d5 4. cxd5 Nxd5 5. e4 Nxc3 6. bxc3 Bg7 7. Nf3 c5 8.
Be2 cxd4 9. cxd4 Nc6 10. e5 O-O 11. O-O Bf5 12. Bb2 Qb6 13. Bc3 Rfd8 14. Qa4 e6
15. Rfd1 Rac8 16. Rd2 Qc7 17. Nh4 Nxe5 18. Nxf5 exf5 19. Bb2 Nc4 20. Bxc4 Qxc4
21. Qxa7 Qb4 22. Rad1 Ra8 23. a3 Qxd2 0-1

[Event "Mechanics' Whitehead TNM; 30/90, SD/30"]
[Site "San Francisco"]
[Date "2014.09.23"]
[Round "8.22"]
[White "Chalissery, Jossy"]
[Black "Hood, Bryan"]
[Result "1/2-1/2"]
[WhiteElo "1716"]
[BlackElo "1258"]
[PlyCount "74"]
[EventDate "2014.??.??"]

1. d4 Nf6 2. c4 g6 3. Nc3 d5 4. Nf3 Bg7 5. Qb3 dxc4 6. Qxc4 b6 7. Bf4 Bb7 8.
Qxc7 Qxc7 9. Bxc7 Na6 10. Be5 Nb4 11. Rc1 O-O 12. a3 Nc6 13. e3 Nxe5 14. Nxe5
Rac8 15. f3 Rfd8 16. Be2 Nd5 17. Kf2 f6 18. Nd3 Bh6 19. Nxd5 Bxd5 20. Rxc8 Rxc8
21. Rc1 Rxc1 22. Nxc1 a5 23. f4 e5 24. dxe5 fxe5 25. g3 exf4 26. exf4 Bg7 27.
Nd3 Bd4+ 28. Kf1 Bc4 29. b4 axb4 30. axb4 Bc3 31. h3 Bxd3 32. Bxd3 Bxb4 33. g4
Bd6 34. f5 gxf5 35. Bxf5 h6 36. Kf2 Kf7 37. Kf3 Kf6 1/2-1/2

[Event "Mechanics' SummerTNM; 30/90, SD/30"]
[Site "San Francisco"]
[Date "2014.07.08"]
[Round "7.11"]
[White "Chalissery, Jossy"]
[Black "Shaknazarov, Oleg"]
[Result "1-0"]
[WhiteElo "1723"]
[BlackElo "2193"]
[PlyCount "97"]
[EventDate "2014.??.??"]

1. d4 Nf6 2. c4 e6 3. Nc3 d5 4. cxd5 exd5 5. Bg5 Be7 6. e3 h6 7. Bh4 c6 8. Bd3
Nbd7 9. Qc2 a6 10. a3 O-O 11. Nf3 Re8 12. O-O b6 13. b4 a5 14. b5 c5 15. dxc5
bxc5 16. Rfd1 Bb7 17. Be2 Nb6 18. Rd2 Qc7 19. Bg3 Bd6 20. Bxd6 Qxd6 21. a4 Qe5
$4 22. Nxe5 Rxe5 23. Bf3 Rae8 24. h3 g5 25. g4 Kg7 26. Ne2 Nc4 27. Rd3 h5 28.
Ng3 hxg4 29. hxg4 Rh8 30. Nf5+ Kg8 31. Qc3 Rxf5 32. gxf5 d4 33. exd4 Bxf3 34.
Rxf3 g4 35. Rg3 Nd6 36. f3 Nxf5 37. Rxg4+ Nxg4 38. fxg4 Nxd4 39. Re1 Rh4 40.
Re8+ Kg7 41. Re4 Kg6 42. Rxd4 cxd4 43. Qxd4 Kg5 44. b6 Rh3 45. Qc5+ Kf4 46.
Qc7+ Kxg4 47. Qc8+ Kh4 48. b7 Ra3 49. b8=Q 1-0

[Event "Mechanics' SummerTNM; 30/90, SD/30"]
[Site "San Francisco"]
[Date "2014.06.03"]
[Round "2.21"]
[White "Chalissery, Jossy"]
[Black "Simpkins, Jerry"]
[Result "0-1"]
[WhiteElo "1723"]
[BlackElo "1478"]
[Annotator "Donaldson"]
[PlyCount "81"]
[EventDate "2014.??.??"]

1. d4 d5 2. c4 e6 3. Nc3 Nf6 4. cxd5 exd5 5. Qc2 c6 6. Bg5 Be7 7. e3 Be6 8. Bd3
Nbd7 9. a3 Ng4 10. Bxe7 Qxe7 11. Nf3 Ngf6 12. h3 Rc8 13. b4 O-O 14. Ng5 h6 15.
Nf3 Ne8 16. Ne2 Nd6 17. O-O Qf6 18. Nf4 g5 19. Nh5 Qe7 20. Ng3 f5 21. Nh2 Ne4
22. Ne2 Qd6 23. f4 Qe7 24. Nf3 Qg7 25. Kh2 Ndf6 26. Ne5 g4 27. Bxe4 Nxe4 28.
hxg4 fxg4 29. Ng3 Bf5 30. Nxe4 g3+ 31. Kg1 Bxe4 32. Qe2 Bf5 $2 (32... Rf5 $11)
33. Qh5 Rf6 34. Qh4 h5 35. Rf3 Qh6 36. Rxg3+ Kh7 37. Rg5 Bg6 38. Nxg6 Kg7 39.
Ne5+ Kf8 40. Nd7+ Ke7 41. Nxf6 0-1

[Event "Mechanics' Whitehead TNM; 30/90, SD/30"]
[Site "San Francisco"]
[Date "2014.08.19"]
[Round "3.26"]
[White "Chalissery, Jossy"]
[Black "Wishard, Bruce"]
[Result "1-0"]
[WhiteElo "1716"]
[BlackElo "1412"]
[PlyCount "67"]
[EventDate "2014.??.??"]

1. d4 Nf6 2. c4 d5 3. Nc3 c6 4. Bg5 e6 5. e3 Nbd7 6. cxd5 cxd5 7. Bd3 Bb4 8. a3
Ba5 9. b4 Bc7 10. Nge2 a6 11. O-O b5 12. Qc2 Nb6 13. a4 bxa4 14. Nxa4 Qd6 15.
Bf4 Qd7 16. Nc5 Qc6 17. b5 axb5 18. Rxa8 Nxa8 19. Rb1 O-O 20. Bxb5 Qb6 21. Bd7
Qa5 22. Bc6 Bxf4 23. Nxf4 Nb6 24. Bb5 Nbd7 25. Nfd3 Nb6 26. Ne5 Re8 $2 27. Bxe8
Nxe8 28. Nc6 Qa8 29. Rxb6 Nd6 30. Ne7+ Kf8 31. Nxc8 Nxc8 32. Ra6 Na7 33. Qa4
Qb8 34. Nd7+ 1-0

[Event "Mechanics' Spring TNM; 30/90, SD/30"]
[Site "San Francisco"]
[Date "2014.04.22"]
[Round "6.15"]
[White "Chalissey, Jossy"]
[Black "Abraham, Renjish"]
[Result "1/2-1/2"]
[WhiteElo "1723"]
[BlackElo "1867"]
[PlyCount "111"]
[EventDate "2014.??.??"]

1. d4 f5 2. Nf3 Nf6 3. g3 e6 4. Bg2 d5 5. Bf4 Be7 6. O-O O-O 7. Nbd2 Nh5 8. e3
Nxf4 9. exf4 c5 10. c3 Nc6 11. Re1 Rf6 12. Ne5 cxd4 13. Nxc6 bxc6 14. cxd4 Qb6
15. Qc2 Bd7 16. Nf3 Bd6 17. a3 c5 18. Ne5 Be8 19. dxc5 Bxc5 20. Qd2 Rc8 21.
Rac1 Rd8 22. b4 Bd6 23. Rc3 Bxe5 24. fxe5 Rf7 25. Rec1 Ba4 26. Rc5 Rdf8 27. Qd4
f4 28. Qc3 fxg3 29. hxg3 Rxf2 30. Rf1 Rxf1+ 31. Bxf1 Rc8 32. Kg2 Rxc5 33. Qxc5
Qxc5 34. bxc5 Kf7 35. Bd3 h6 36. Kf2 Ke7 37. Ke3 Kd7 38. Bg6 Kc7 39. Kd4 Bd1
40. Bf7 Bg4 41. Bg6 Kd7 42. Kc3 a5 43. Kd4 Be2 44. Ke3 Bb5 45. Kd4 Ke7 46. Ke3
Be8 47. Bd3 g5 48. Be2 h5 49. Bf3 Kd7 50. Kd4 h4 51. gxh4 gxh4 52. Bg4 Bg6 53.
c6+ Kxc6 54. Bxe6 Be4 55. Bh3 Bh1 56. Bf1 1/2-1/2

[Event "Mechanics' Spring TNM; 30/90, SD/30"]
[Site "San Francisco"]
[Date "2014.03.25"]
[Round "2.7"]
[White "Chalissey, Jossy"]
[Black "Doyle, Bryon"]
[Result "0-1"]
[WhiteElo "1723"]
[BlackElo "2064"]
[PlyCount "60"]
[EventDate "2014.??.??"]

1. d4 c5 2. d5 Nf6 3. Nc3 d6 4. e4 g6 5. Bb5+ Bd7 6. a4 Bg7 7. Nf3 O-O 8. O-O
a6 9. Be2 Bg4 10. Nd2 Bxe2 11. Qxe2 Nbd7 12. Nc4 b6 13. Ra2 Rb8 14. b3 Qc7 15.
Bb2 b5 16. axb5 axb5 17. Na5 b4 18. Nc6 bxc3 19. Nxe7+ Kh8 20. Bxc3 Ne5 21.
Bxe5 Qxe7 22. Bxf6 Bxf6 23. f3 Ra8 24. Ra6 Be5 25. f4 Bd4+ 26. Kh1 f5 27. Rxa8
Rxa8 28. e5 dxe5 29. fxe5 Qxe5 30. Qxe5+ Bxe5 0-1

[Event "Mechanics' Spring TNM; 30/90, SD/30"]
[Site "San Francisco"]
[Date "2014.04.08"]
[Round "4.11"]
[White "Chalissey, Jossy"]
[Black "Todortsev, Victor"]
[Result "0-1"]
[WhiteElo "1723"]
[BlackElo "1951"]
[PlyCount "74"]
[EventDate "2014.??.??"]

1. d4 e5 2. dxe5 Nc6 3. Nf3 f6 4. exf6 Nxf6 5. Nc3 d5 6. e3 Bg4 7. Be2 Bd6 8.
Nd4 Bd7 9. Bh5+ g6 10. Be2 O-O 11. Nf3 Ne7 12. Nb5 Bc5 13. O-O c6 14. Nbd4 Qc7
15. Ng5 Qd6 16. h3 Rae8 17. a3 Bb6 18. b4 Bc7 19. Ngf3 Ne4 20. Bb2 b6 21. c4 c5
22. Nb5 Bxb5 23. Be5 Qd7 24. Bxc7 Nc3 25. Qc2 Nxe2+ 26. Qxe2 Bxc4 27. Ne5 Qxc7
28. Nxc4 b5 29. Nd2 c4 30. Nf3 Nc6 31. Qc2 Qd7 32. Rfd1 Rxf3 33. gxf3 Qxh3 34.
Rxd5 Ne5 35. Rxe5 Rxe5 36. f4 Rh5 37. Qe4 Qh2+ 0-1

[Event "Mechanics' Spring TNM; 30/90, SD/30"]
[Site "San Francisco"]
[Date "2014.04.15"]
[Round "5.13"]
[White "Chandrasekaran, Siddarth"]
[Black "Askin, Michael"]
[Result "0-1"]
[WhiteElo "1596"]
[BlackElo "1903"]
[Annotator "Donaldson"]
[PlyCount "66"]
[EventDate "2014.??.??"]

1. d4 d5 2. c4 c6 3. Nf3 Nf6 4. Nc3 e6 5. e3 Nbd7 6. Bd3 dxc4 7. Bxc4 b5 8. Bb3
Bb7 9. O-O a6 {Diagram #} 10. Re1 (10. e4 $1 b4 (10... c5 11. e5 cxd4 12. Qxd4
$1 {The point - with the bishop on b3 instead of d3 this move is possible.})
11. e5) 10... b4 $5 (10... c5) 11. Na4 c5 {Diagram #} 12. Qe2 (12. e4 $1 Nxe4 (
12... Bxe4 13. Ng5 Bb7 14. Nxf7 Kxf7 15. Bxe6+) 13. d5) 12... Bd6 13. Rd1 Qc7
14. Bd2 cxd4 15. Rac1 Bc6 (15... Qb8 $11) 16. exd4 $6 (16. Nxd4 Ne5 (16... Nb8
17. Qc4 Bxh2+ 18. Kf1) 17. f4 $18) 16... Qb7 17. Bxe6 O-O 18. Bxd7 Nxd7 19. Nc5
Nxc5 20. dxc5 Rfe8 21. Qd3 Bc7 22. Re1 Be4 (22... Red8) 23. Qb3 a5 24. Ng5 Bd5
25. Rxe8+ Rxe8 26. c6 Qb5 27. Qh3 h6 28. Qd7 Qe2 29. Be3 $4 (29. Qxd5 $11)
29... Rxe3 30. Nf3 Rxf3 31. gxf3 Qxf3 32. Kf1 Bb6 33. Qe8+ Kh7 0-1

[Event "Mechanics' Spring TNM; 30/90, SD/30"]
[Site "San Francisco"]
[Date "2014.04.29"]
[Round "7.23"]
[White "Chandrasekaran, Siddarth"]
[Black "Cheng, Andrew"]
[Result "1-0"]
[WhiteElo "1596"]
[BlackElo "1421"]
[PlyCount "41"]
[EventDate "2014.??.??"]

1. d4 Nf6 2. c4 e6 3. Nc3 Bb4 4. Bd2 (4. Qc2) (4. e3) (4. Bg5) (4. Nf3) (4. a3)
4... O-O 5. Nf3 Nc6 6. e3 b6 $6 (6... d6 7. Be2 e5) 7. Bd3 Bxc3 $6 8. Bxc3 Bb7
9. Qc2 h6 $6 (9... d5) 10. e4 Ne7 11. h4 $5 (11. O-O) 11... d6 12. e5 Nd7 13.
Bh7+ Kh8 14. Ng5 Ng8 $4 (14... g6 15. d5 $3 exd5 $4 16. exd6+) (14... Qe8 {
to guard against Bg8} 15. Be4) 15. Bxg8 g6 16. Nxf7+ Rxf7 17. Bxf7 Nf8 18. Bxg6
Bxg2 19. Rg1 Bf3 20. d5 Qxh4 21. exd6+ 1-0

[Event "Mechanics' SummerTNM; 30/90, SD/30"]
[Site "San Francisco"]
[Date "2014.06.17"]
[Round "4.29"]
[White "Chandrasekaran, Siddarth"]
[Black "Cowgill, Jackie"]
[Result "1-0"]
[WhiteElo "1597"]
[BlackElo "1019"]
[PlyCount "51"]
[EventDate "2014.??.??"]

1. d4 d5 2. c4 c6 3. Nc3 dxc4 4. a4 Bf5 5. e4 Bd7 6. Bxc4 e6 7. Nf3 Bb4 8. O-O
Ne7 9. Bg5 O-O 10. d5 Bxc3 11. bxc3 Qe8 12. Re1 h6 13. Bf4 Ng6 14. Bd6 Ne7 15.
Nd4 Qd8 16. dxe6 Bxe6 17. Nxe6 fxe6 18. Bxe6+ Kh8 19. e5 Nd7 20. Bxe7 Qxe7 21.
Qxd7 Qc5 22. Qd4 Qe7 23. Bb3 c5 24. Qe4 Rae8 25. Bc2 a5 26. Qh7# 1-0

[Event "Mechanics' SummerTNM; 30/90, SD/30"]
[Site "San Francisco"]
[Date "2014.07.01"]
[Round "6.19"]
[White "Chandrasekaran, Siddarth"]
[Black "Gerwin, Gene"]
[Result "0-1"]
[WhiteElo "1597"]
[BlackElo "1910"]
[PlyCount "54"]
[EventDate "2014.??.??"]

1. d4 d5 2. c4 Nc6 3. Nf3 Bg4 4. Qb3 Bxf3 5. Qxf3 Nxd4 6. Qd3 dxc4 7. Qxc4 Nf6
8. g3 c6 9. Bg2 e5 10. e3 Ne6 11. Bd2 Bd6 12. Bb4 O-O 13. O-O Bxb4 14. Qxb4 Qc7
15. Nc3 a5 16. Qb3 Rad8 17. Rac1 Nc5 18. Qc4 Nd3 19. Nd5 Rxd5 20. Bxd5 Nxc1 21.
Rxc1 Nxd5 22. Qxd5 Rd8 23. Qb3 Qd7 24. Qc3 Qd5 25. Rc2 e4 26. a3 Qd1+ 27. Kg2
Qf3+ 0-1

[Event "Mechanics' Spring TNM; 30/90, SD/30"]
[Site "San Francisco"]
[Date "2014.03.18"]
[Round "1.1"]
[White "Chandrasekaran, Siddarth"]
[Black "Manvelyan, Hayk"]
[Result "0-1"]
[WhiteElo "1596"]
[BlackElo "2354"]
[PlyCount "38"]
[EventDate "2014.??.??"]

1. d4 Nf6 2. c4 e6 3. Nc3 Bb4 4. Bd2 O-O 5. e3 c5 6. Nb5 Bxd2+ 7. Qxd2 Ne4 8.
Qd3 Qa5+ 9. Nc3 cxd4 10. exd4 d5 11. c5 Nc6 12. a3 e5 13. Nge2 exd4 14. Nxd4
Qxc5 15. Nxc6 Qxf2+ 16. Kd1 Qxb2 17. Ne7+ Kh8 18. Nxe4 Qxa1+ 19. Kd2 dxe4 0-1

[Event "Mechanics' Fall TNM; 30/90, SD/30"]
[Site "San Francisco"]
[Date "2014.10.28"]
[Round "2.32"]
[White "Chandrasekaran, Siddarth"]
[Black "Olson, David"]
[Result "0-1"]
[WhiteElo "1627"]
[BlackElo "1407"]
[Annotator "Donaldson"]
[PlyCount "50"]
[EventDate "2014.??.??"]

1. b4 d5 2. Bb2 Nf6 3. Nf3 g6 4. h3 Bg7 5. d3 O-O 6. Nbd2 Na6 7. a3 c5 8. b5
Nc7 9. a4 Re8 10. e3 b6 11. c4 e6 12. g3 Bb7 13. Bg2 Nh5 14. Ne5 Qd6 15. f4
Nxg3 16. Rg1 Nf5 17. Qe2 Rab8 18. cxd5 Nxd5 19. Bxd5 Bxd5 20. e4 Nd4 21. Nec4 (
21. Bxd4 cxd4 22. exd5 exd5 23. Qg4 Bxe5 24. fxe5 Rxe5+ 25. Kd1 Qb4 26. Re1
Rxe1+ 27. Kxe1 Qc3 28. Ra2 Qxd3 $17) 21... Nc2+ 22. Kf1 Qxf4+ 23. Nf3 Bxc4 24.
Bxg7 Kxg7 25. Rd1 Nd4 0-1